<?xml version="1.0" encoding="UTF-8"?>
<record
    xmlns:xsi="http://www.w3.org/2001/XMLSchema-instance"
    xsi:schemaLocation="http://www.loc.gov/MARC21/slim http://www.loc.gov/standards/marcxml/schema/MARC21slim.xsd"
    xmlns="http://www.loc.gov/MARC21/slim">

  <leader>00562cam a2200193 a 4500</leader>
  <controlfield tag="003">BD-DhSAU</controlfield>
  <controlfield tag="005">20231008124727.0</controlfield>
  <controlfield tag="008">861024s2018    ii a     b    001 0 eng  </controlfield>
  <datafield tag="020" ind1=" " ind2=" ">
    <subfield code="a">9789400759732</subfield>
  </datafield>
  <datafield tag="040" ind1=" " ind2=" ">
    <subfield code="a">BD-DhSAU</subfield>
  </datafield>
  <datafield tag="082" ind1=" " ind2=" ">
    <subfield code="2">22</subfield>
    <subfield code="a">632.3</subfield>
    <subfield code="b">H788</subfield>
  </datafield>
  <datafield tag="100" ind1=" " ind2=" ">
    <subfield code="a">Horst, R. Kenneth</subfield>
  </datafield>
  <datafield tag="245" ind1="1" ind2="0">
    <subfield code="a">Field Manual of Diseases on Fruits and vegetables /</subfield>
    <subfield code="c">R. Kenneth Horst</subfield>
  </datafield>
  <datafield tag="260" ind1=" " ind2=" ">
    <subfield code="a">New York :</subfield>
    <subfield code="b">Springer.</subfield>
    <subfield code="c">c2013</subfield>
  </datafield>
  <datafield tag="300" ind1=" " ind2=" ">
    <subfield code="a">viii,139 p. :</subfield>
    <subfield code="b">ill. ;</subfield>
    <subfield code="c">22 cm.</subfield>
  </datafield>
  <datafield tag="590" ind1=" " ind2=" ">
    <subfield code="a">kobir</subfield>
  </datafield>
  <datafield tag="650" ind1=" " ind2="0">
    <subfield code="a">Diseases</subfield>
    <subfield code="v">Fruits</subfield>
    <subfield code="v">Vegetables</subfield>
    <subfield code="x">Fied Manual</subfield>
  </datafield>
  <datafield tag="942" ind1=" " ind2=" ">
    <subfield code="2">ddc</subfield>
    <subfield code="c">BOOK</subfield>
  </datafield>
  <datafield tag="999" ind1=" " ind2=" ">
    <subfield code="c">17143</subfield>
    <subfield code="d">17142</subfield>
  </datafield>
  <datafield tag="952" ind1=" " ind2=" ">
    <subfield code="0">0</subfield>
    <subfield code="1">0</subfield>
    <subfield code="2">ddc</subfield>
    <subfield code="4">0</subfield>
    <subfield code="7">1</subfield>
    <subfield code="8">REF</subfield>
    <subfield code="a">BD-DhSAU</subfield>
    <subfield code="b">BD-DhSAU</subfield>
    <subfield code="c">GEN</subfield>
    <subfield code="d">2023-06-21</subfield>
    <subfield code="g">1794.00</subfield>
    <subfield code="l">0</subfield>
    <subfield code="o">632.3 H788</subfield>
    <subfield code="p">44679</subfield>
    <subfield code="r">2023-10-08 00:00:00</subfield>
    <subfield code="w">2023-10-08</subfield>
    <subfield code="y">BOOK</subfield>
    <subfield code="z">Purchase</subfield>
  </datafield>
</record>
